000 00606nam a2200193Ia 4500
003 LDD
008 190117s9999 xx 000 0 und d
020 _a8173151237
_c₹300
040 _cLDD
041 _ahi
082 _a8H3.7 शु1166कि
100 _aशुक्ल, ऋता
245 0 _aकितने जनम वैदेही
_cऋता शुक्ल
260 _bप्रभात प्रकाशन
_c2011
300 _a250p.
901 _aKGP
904 _aReqst by : Jitendra kumar srivasta
942 _2ddc
_cH
999 _c171821
_d171821